Music Quiz

Random Music or Album Quiz

10 to 1 Beatles Countdown Quiz Stats

 Plays Quiz Updated Jun 26, 2017

Support Sporcle.
Go Orange.
Score 0/55 Timer 05:00
3 Plays Today
% Correct
Lucy
92.7%
Eleanor
92.7%
Rita
91.4%
Julia
90.5%
Michelle
89.2%
Abbey Road
86.8%
Martha
85.9%
Lennon
84.7%
Pam
84.6%
McCartney
84.2%
The Beatles (a.k.a. The White Album)
84%
A Hard Day's Night
83.8%
Sadie
83.8%
Harrison
83.8%
Blackbird
78.3%
Prudence
77.5%
Starkey
77.3%
Pie
77.2%
Onion
76.5%
Beatles for Sale
76.5%
I Want to Hold Your Hand
76.3%
Pepper
75.6%
Strawberry
75%
Yoko
74.3%
Mustard
73.3%
Can't Buy Me Love
72.8%
Walrus
72.4%
Honey
72%
% Correct
With the Beatles
71.2%
Yellow Submarine
71%
Raccoon
70.4%
Liverpool
70.3%
Bulldog
67.7%
Rubber Soul
67.4%
Truffle
66.7%
Pony
66.5%
John
64.8%
Bill
64.4%
Revolver
62.7%
Sutcliffe
60.2%
Come Together
59.9%
Robert
57.6%
Hello, Goodbye
57.5%
Best
56.7%
Seattle Center Coliseum
56.3%
Maxwell
54.7%
Octopus's Garden
53%
Dodger Stadium
52.7%
She Loves You
52%
Candlestick Park
51%
Please Please Me
49.7%
Yesterday
48.1%
We Can Work It Out
44.4%
Love Me Do
44.1%
Don't Pass Me By
25.8%

You're not logged in!

Compare scores with friends on all Sporcle quizzes.
OR
Log In

From the Vault

R&B Music Artists

by beforever

If R&B stood for 'radishes & beets', it wouldn't be nearly as popular, would it?
Remove Ads.
Support Sporcle.
Get the best of Sporcle when you Go Orange. This ad-free experience offers more features, more stats, and more fun while also helping to support Sporcle. Thank you for becoming a member.

Show Comments

Extras

Top Quizzes Today


Score Distribution

Your Account Isn't Verified!

In order to create a playlist on Sporcle, you need to verify the email address you used during registration. Go to your Sporcle Settings to finish the process.

Report this User

Report this user for behavior that violates our Community Guidelines.

Details: